IFM Opac

Great Company Crashes (Record no. 15448)

MARC details
000 -LEADER
fixed length control field 00299nam a22001337a 4500
020 ## - INTERNATIONAL STANDARD BOOK NUMBER
International Standard Book Number 0572008333
082 ## - DEWEY DECIMAL CLASSIFICATION NUMBER
Classification number 332.75 DEE
100 ## - MAIN ENTRY--PERSONAL NAME
Personal name Deeson A. F. L.
245 ## - TITLE STATEMENT
Title Great Company Crashes
260 ## - PUBLICATION, DISTRIBUTION, ETC.
Place of publication, distribution, etc. London
Name of publisher, distributor, etc. W. Foulsham
Date of publication, distribution, etc. 1972
300 ## - PHYSICAL DESCRIPTION
Extent 163p.
Other physical details 21cm.
500 ## - GENERAL NOTE
General note Include Index
942 ## - ADDED ENTRY ELEMENTS (KOHA)
Koha item type Books
Holdings
Withdrawn status Lost status Source of classification or shelving scheme Damaged status Not for loan Home library Current library Shelving location Date acquired Full call number Barcode Date last seen Price effective from Koha item type
    Dewey Decimal Classification     IFM Main Campus Library IFM Main Campus Library   02/18/2016 332.75 DEE 0000005315 02/18/2016 02/18/2016 Books